Loading...
| Fine Arts - Classical Music | 1 | 0.00 | 0% | 0% | 0% |
| Fine Arts - Other | 3 | 6.67 | 67% | 0% | 0% |
| Fine Arts - Painting and Sculpture | 2 | 10.00 | 100% | 0% | 0% |
| Geography | 1 | 0.00 | 0% | 0% | 0% |
| History - American | 1 | 10.00 | 100% | 0% | 0% |
| History - European | 4 | 12.50 | 100% | 25% | 0% |
| History - Other | 3 | 3.33 | 33% | 0% | 0% |
| History - World | 1 | 10.00 | 100% | 0% | 0% |
| Literature - American | 2 | 10.00 | 50% | 50% | 0% |
| Literature - European | 1 | 0.00 | 0% | 0% | 0% |
| Literature - World | 2 | 10.00 | 100% | 0% | 0% |
| Mythology | 2 | 0.00 | 0% | 0% | 0% |
| Philosophy | 1 | 10.00 | 100% | 0% | 0% |
| Science - Biology | 2 | 5.00 | 50% | 0% | 0% |
| Science - Chemistry | 1 | 0.00 | 0% | 0% | 0% |
| Science - Other | 1 | 10.00 | 100% | 0% | 0% |
| Science - Physics | 3 | 10.00 | 67% | 33% | 0% |
| Social Science | 2 | 10.00 | 100% | 0% | 0% |